[Event "Eastern Class-chB 8th"]
[Site "Woburn"]
[Date "1999.03.07"]
[Round "5"]
[White "Ruiz, Mauricio"]
[Black "Mac Intyre, Paul"]
[Result "0-1"]
[WhiteElo "2264"]
[BlackElo "2351"]
[PlyCount "50"]
[EventDate "1999.03.??"]
[EventType "swiss"]
[EventRounds "5"]
[EventCountry "USA"]
[SourceTitle "EXT 2001"]
[Source "ChessBase"]
[SourceDate "2000.11.22"]
[SourceVersion "1"]
[SourceVersionDate "2000.11.22"]
[SourceQuality "1"]

1. c4 e5 2. d3 Nc6 3. g3 g6 4. Bg2 Bg7 5. Nc3 d6 6. Rb1 a5 7. a3 Nf6 8. b4 axb4 9. axb4 0-0 10. b5 Ne7 11. e4 Nd7 12. Nge2 f5 13. 0-0 f4 14. gxf4 exf4 15. f3 g5 16. d4 Nf6 17. Bd2 Ng6 18. Qe1 g4 19. Bc1 Nh5 20. Qf2 g3 21. hxg3 fxg3 22. Qe3 Qh4 23. Rd1 Qh2+ 24. Kf1 Nh4 25. Qg1 Bh3 0-1

[Event "Massachusets op 67th"]
[Site "USA"]
[Date "1998.??.??"]
[Round "?"]
[White "Ruiz, Mauricio"]
[Black "Chudnovsky, Jacob"]
[Result "1/2-1/2"]
[WhiteElo "2185"]
[BlackElo "2365"]
[PlyCount "120"]
[EventDate "1998.??.??"]
[EventType "swiss"]
[EventRounds "6"]
[EventCountry "USA"]
[SourceTitle "EXT 2002"]
[Source "ChessBase"]
[SourceDate "2001.11.25"]
[SourceVersion "1"]
[SourceVersionDate "2001.11.25"]
[SourceQuality "1"]

1. Nf3 Nf6 2. d4 e6 3. g3 b6 4. Bg2 Bb7 5. c4 Be7 6. 0-0 0-0 7. Nc3 Ne4 8. Qc2 Nxc3 9. Qxc3 c5 10. d5 exd5 11. Qc2 Nc6 12. cxd5 Nb4 13. Qd1 Bxd5 14. a3 Bxf3 15. Bxf3 Nc6 16. Qd5 Rc8 17. Rd1 Nd4 18. Bg4 Rc6 19. Bf4 Rg6 20. Bh5 Rf6 21. e3 Rf5 22. Qb7 Rxh5 23. exd4 d5 24. dxc5 Bxc5 25. g4 Rh4 26. b4 Rxg4+ 27. Bg3 Bd6 28. Qxd5 Bxg3 29. hxg3 Qxd5 30. Rxd5 f5 31. Rd7 f4 32. Kg2 fxg3 33. fxg3 a5 34. bxa5 bxa5 35. Rc1 Rg5 36. Rc4 h5 37. Rcd4 Rff5 38. Rd8+ Kh7 39. R8d6 Rg6 40. R6d5 Rfg5 41. Rxg5 Rxg5 42. Kh3 Re5 43. g4 Kh6 44. gxh5 Kxh5 45. Kg2 g5 46. Kf3 Rf5+ 47. Kg3 Rb5 48. Kg2 g4 49. a4 Rb2+ 50. Kg3 Rb3+ 51. Kf2 Kh4 52. Rd5 Rb2+ 53. Kf1 Kg3 54. Rxa5 Ra2 55. Ra8 Ra1+ 56. Ke2 Kh2 57. Kd3 g3 58. Kc4 g2 59. Rh8+ Kg3 60. Rg8+ Kf3 1/2-1/2

[Event "Massachusets op 67th"]
[Site "USA"]
[Date "1998.??.??"]
[Round "?"]
[White "Ruiz, Mauricio"]
[Black "Foygel, Igor"]
[Result "1/2-1/2"]
[WhiteElo "2185"]
[BlackElo "2425"]
[PlyCount "38"]
[EventDate "1998.??.??"]
[EventType "swiss"]
[EventRounds "6"]
[EventCountry "USA"]
[SourceTitle "EXT 2002"]
[Source "ChessBase"]
[SourceDate "2001.11.25"]
[SourceVersion "1"]
[SourceVersionDate "2001.11.25"]
[SourceQuality "1"]

1. Nf3 d6 2. d4 Bg4 3. e4 Nf6 4. Nc3 e6 5. Be2 Be7 6. Be3 c6 7. Qd2 0-0 8. h3 Bh5 9. 0-0-0 d5 10. e5 Ne4 11. Nxe4 dxe4 12. Ng1 Bxe2 13. Nxe2 Na6 14. Kb1 b5 15. f3 c5 16. Nc3 cxd4 17. Qxd4 Qxd4 18. Bxd4 exf3 19. Nxb5 fxg2 1/2-1/2

[Event "Queen City op 21st"]
[Site "Manchester"]
[Date "1997.03.01"]
[Round "3"]
[White "Ruiz, Mauricio"]
[Black "Mac Intyre, Paul"]
[Result "1-0"]
[WhiteElo "2259"]
[BlackElo "2356"]
[PlyCount "61"]
[EventDate "1997.03.??"]
[EventType "swiss"]
[EventRounds "5"]
[EventCountry "USA"]
[SourceTitle "EXT 2005"]
[Source "ChessBase"]
[SourceDate "2004.11.15"]
[SourceVersion "1"]
[SourceVersionDate "2004.11.15"]
[SourceQuality "1"]

1. d4 Nf6 2. Nf3 g6 3. c4 Bg7 4. g3 0-0 5. Bg2 d6 6. 0-0 c6 7. Nc3 Nbd7 8. h3 Qc7 9. e4 e5 10. Be3 b6 11. Qc2 Bb7 12. Rfd1 Rfe8 13. dxe5 dxe5 14. Rd2 Nf8 15. Rad1 Ne6 16. Ng5 Bc8 17. Nxe6 Bxe6 18. c5 b5 19. f4 Bh6 20. Rd6 Nh5 21. Qf2 Bf8 22. f5 Bc8 23. g4 Ng7 24. R6d2 a6 25. Kh1 Ra7 26. Qh4 Rb7 27. b4 Qb8 28. Bh6 Qa7 29. Bxg7 Kxg7 30. Rd8 Bd7 31. R1xd7 1-0

[Event "New Hampshire op 46th"]
[Site "Salem"]
[Date "1996.??.??"]
[Round "5"]
[White "Terrie, Henry L"]
[Black "Ruiz, Mauricio"]
[Result "0-1"]
[WhiteElo "2200"]
[BlackElo "2215"]
[PlyCount "48"]
[EventDate "1996.07.??"]
[EventType "swiss"]
[EventRounds "5"]
[EventCountry "USA"]
[SourceTitle "EXT 2005"]
[Source "ChessBase"]
[SourceDate "2004.11.15"]
[SourceVersion "1"]
[SourceVersionDate "2004.11.15"]
[SourceQuality "1"]

1. c4 c5 2. Nc3 g6 3. Nf3 Bg7 4. g3 Nc6 5. Bg2 e5 6. 0-0 Nge7 7. Ne1 f5 8. Nc2 d6 9. Ne3 f4 10. Ned5 0-0 11. d3 g5 12. Rb1 Ng6 13. b4 cxb4 14. Nxb4 Nd4 15. Nc2 Ne6 16. Ne4 g4 17. Ba3 Ng5 18. Nxg5 Qxg5 19. Bxd6 Rf6 20. c5 Qh5 21. Ne1 Nf8 22. d4 Rh6 23. h3 f3 24. exf3 gxh3 0-1

[Event "New England op 54th"]
[Site "Worcester"]
[Date "1994.??.??"]
[Round "5"]
[White "Terrie, Henry L"]
[Black "Ruiz, Mauricio"]
[Result "1-0"]
[WhiteElo "2200"]
[BlackElo "2095"]
[PlyCount "89"]
[EventDate "1994.09.??"]
[EventType "swiss"]
[EventRounds "6"]
[EventCountry "USA"]
[SourceTitle "EXT 2005"]
[Source "ChessBase"]
[SourceDate "2004.11.15"]
[SourceVersion "1"]
[SourceVersionDate "2004.11.15"]
[SourceQuality "1"]

1. c4 c5 2. Nc3 Nc6 3. Nf3 g6 4. e3 Bg7 5. d4 cxd4 6. exd4 d6 7. d5 Ne5 8. Nxe5 Bxe5 9. Be2 Bg7 10. Be3 b6 11. 0-0 Nf6 12. Rc1 0-0 13. b4 a5 14. a3 axb4 15. axb4 Ba6 16. Qb3 Rc8 17. Rfe1 Kh8 18. Nb5 Qd7 19. Nd4 Bb7 20. h3 e5 21. Nb5 Qd8 22. Ra1 Ne8 23. Ra7 Rb8 24. Rd1 f5 25. c5 f4 26. Bc1 bxc5 27. bxc5 dxc5 28. Ba3 e4 29. Bxc5 Rf5 30. Bc4 f3 31. Bd4 Rg5 32. g3 Rh5 33. Bxg7+ Nxg7 34. d6 Qd7 35. Bf1 Rxh3 36. Qc3 Qg4 37. Qe5 e3 38. d7 exf2+ 39. Kxf2 Rh2+ 40. Ke3 Qe6 41. Qxe6 Nxe6 42. Nd6 Bc6 43. Nf7+ Kg7 44. d8Q Nxd8 45. Nxd8+ 1-0